| 000 | 00960nam a2200313Ia 4500 | ||
|---|---|---|---|
| 003 | OSt | ||
| 005 | 20221006160718.0 | ||
| 006 | a|||||r|||| 00| 0 | ||
| 007 | ta | ||
| 008 | 221006b |||||||| |||| 00| 0 eng d | ||
| 020 |
_a9789004210035 _c14883.00 |
||
| 024 | _a46,125 | ||
| 037 |
_bGift, Japan Foundation _cTextual |
||
| 040 |
_aEASL _cEASL _beng |
||
| 041 |
_2eng _aeng |
||
| 082 | _aY:1v42, Q2 | ||
| 100 |
_aStarrs Roy Ed. _9441805 |
||
| 245 | 0 | _aRethinking Japanese modernism | |
| 260 |
_aLeiden _bGlobal Oriental _c2012 |
||
| 300 |
_a562p. _ccm. |
||
| 490 | _v JEL | ||
| 650 |
_a Japan - Intellectual life _9642718 |
||
| 650 |
_a Modernism - Aesthetics - Japan _9674745 |
||
| 650 |
_a Modernism - Art - Japan _9674746 |
||
| 650 |
_a Modernism- Literature - Japan _9663712 |
||
| 650 |
_aJapan - Civilization _9590792 |
||
| 942 |
_hY:1v42, Q2 _cTEXL _2CC |
||
| 999 |
_c1114217 _d1114217 |
||